[Event "Berlin-ch Seniors op 36th"]
[Site "Berlin"]
[Date "2020.01.30"]
[Round "3.8"]
[White "Albrecht, Rainer"]
[Black "Brandenburg, Klaus"]
[Result "1/2-1/2"]
[WhiteElo "2046"]
[BlackElo "1810"]
[PlyCount "41"]
[EventDate "2020.01.28"]
[EventType "swiss"]
[EventRounds "9"]
[EventCountry "GER"]
[SourceTitle "EXT 2024"]
[Source "ChessBase"]
[SourceDate "2023.10.10"]
[SourceVersion "1"]
[SourceVersionDate "2023.10.10"]
[SourceQuality "1"]

1. d4 d5 2. Bf4 Nf6 3. Nc3 c6 4. e3 Bf5 5. f3 h6 6. g4 Bh7 7. Bd3 Nbd7 8. h4 e6 9. Nge2 Bb4 10. Bxh7 Rxh7 11. Qd3 c5 12. dxc5 a6 13. 0-0-0 Nxc5 14. Qd4 Qb6 15. a3 Bxc3 16. Nxc3 0-0-0 17. Kb1 Ncd7 18. Na4 Qxd4 19. exd4 b5 20. Nc3 Nb6 21. b3 1/2-1/2

[Event "Berlin Lieb Memorial 5th"]
[Site "Berlin"]
[Date "2019.06.07"]
[Round "5"]
[White "Albrecht, Rainer"]
[Black "Krueger, Michael1"]
[Result "1/2-1/2"]
[WhiteElo "2059"]
[BlackElo "1920"]
[PlyCount "49"]
[EventDate "2019.05.03"]
[EventType "swiss"]
[EventRounds "7"]
[EventCountry "GER"]
[SourceTitle "EXT 2020"]
[Source "ChessBase"]
[SourceDate "2019.10.17"]
[SourceVersion "1"]
[SourceVersionDate "2019.10.17"]
[SourceQuality "1"]

1. d4 Nf6 2. c4 g6 3. Nc3 Bg7 4. e4 d6 5. Nge2 Nbd7 6. Ng3 e5 7. d5 h5 8. Be2 a5 9. Bg5 Bh6 10. Bxh6 Rxh6 11. 0-0 h4 12. Nh1 Nc5 13. f3 Nh5 14. Qd2 Rh8 15. Nf2 Nf4 16. Nd3 Ncxd3 17. Bxd3 Bd7 18. Ne2 g5 19. g4 hxg3 20. hxg3 Nh3+ 21. Kg2 Nf4+ 22. Nxf4 gxf4 23. Rh1 Rg8 24. g4 Qf6 25. Kf2 1/2-1/2

[Event "Berlin Lichtenrade op 14th"]
[Site "Berlin"]
[Date "2018.11.03"]
[Round "8"]
[White "Albrecht, Rainer"]
[Black "Kuechler, Felix"]
[Result "1/2-1/2"]
[WhiteElo "2093"]
[BlackElo "1781"]
[PlyCount "48"]
[EventDate "2018.10.27"]
[EventType "swiss"]
[EventRounds "9"]
[EventCountry "GER"]
[SourceTitle "CBM 187 Extra"]
[Source "ChessBase"]
[SourceDate "2018.11.04"]
[SourceVersion "1"]
[SourceVersionDate "2018.11.04"]
[SourceQuality "1"]

1. d4 Nf6 2. c4 e5 3. dxe5 Ng4 4. Bf4 g5 5. Bg3 Bg7 6. Nf3 Nc6 7. Nc3 Ngxe5 8. Nxe5 Nxe5 9. e3 h5 10. h4 g4 11. Rc1 d6 12. Bxe5 Bxe5 13. g3 Be6 14. Bg2 c6 15. b3 Qa5 16. Qc2 d5 17. 0-0 dxc4 18. Ne4 cxb3 19. axb3 0-0-0 20. Nc5 Qc7 21. Nxe6 fxe6 22. b4 Kb8 23. Qe4 Rd5 24. Rc4 Rhd8 1/2-1/2

[Event "Berlin Eckbauer op 21st"]
[Site "Berlin"]
[Date "2018.10.15"]
[Round "2"]
[White "Albrecht, Rainer"]
[Black "Kersten, Martin"]
[Result "1/2-1/2"]
[WhiteElo "2093"]
[BlackElo "1830"]
[PlyCount "104"]
[EventDate "2018.10.08"]
[EventType "swiss"]
[EventRounds "7"]
[EventCountry "GER"]
[SourceTitle "CBM 189 Extra"]
[Source "ChessBase"]
[SourceDate "2019.05.31"]
[SourceVersion "1"]
[SourceVersionDate "2019.05.31"]
[SourceQuality "1"]

1. d4 Nf6 2. c4 e6 3. Nc3 d5 4. cxd5 exd5 5. Bg5 Nbd7 6. e3 c6 7. Bd3 h6 8. Bh4 Bd6 9. Nge2 Qc7 10. Bg3 Bxg3 11. Nxg3 Nf8 12. 0-0 g6 13. Qf3 N8h7 14. Rfe1 Bg4 15. Qf4 0-0-0 16. Qxc7+ Kxc7 17. b4 Kb8 18. Rab1 Be6 19. Nge2 g5 20. b5 c5 21. dxc5 Ne4 22. Na4 Nhf6 23. Nd4 Nd2 24. Rbc1 Nc4 25. Bxc4 dxc4 26. f3 Bd5 27. Red1 g4 28. Kf2 gxf3 29. gxf3 Rhg8 30. e4 Bxe4 31. fxe4 Nxe4+ 32. Kf3 Rde8 33. Nc3 Ng5+ 34. Kg2 Re3 35. Kh1 Nh3 36. Rf1 Rd3 37. Nf3 Rg7 38. Ne4 Ra3 39. Nc3 a6 40. Rc2 axb5 41. Rg2 Rxg2 42. Kxg2 Nf4+ 43. Kg3 Nh5+ 44. Kg4 Rxc3 45. Kxh5 Rc2 46. h4 Rxa2 47. Rb1 c3 48. Nd4 Rb2 49. Rc1 b4 50. Kxh6 Rd2 51. Nb3 Rb2 52. Nd4 Rd2 1/2-1/2

[Event "Berlin Eckbauer op 21st"]
[Site "Berlin"]
[Date "2018.10.08"]
[Round "1"]
[White "Zimmer, Michel"]
[Black "Albrecht, Rainer"]
[Result "1/2-1/2"]
[WhiteElo "1728"]
[BlackElo "2093"]
[PlyCount "44"]
[EventDate "2018.10.08"]
[EventType "swiss"]
[EventRounds "7"]
[EventCountry "GER"]
[SourceTitle "CBM 189 Extra"]
[Source "ChessBase"]
[SourceDate "2019.05.31"]
[SourceVersion "1"]
[SourceVersionDate "2019.05.31"]
[SourceQuality "1"]

1. d4 e6 2. Bf4 f5 3. Nc3 Nf6 4. e3 d6 5. h4 g6 6. Bg5 h6 7. Bxf6 Qxf6 8. f4 b6 9. Qf3 c6 10. Bb5 Kd7 11. 0-0-0 Kc7 12. Bd3 d5 13. Nge2 a6 14. g4 c5 15. g5 Qd8 16. dxc5 bxc5 17. e4 Bb7 18. exd5 exd5 19. Bc4 dxc4 20. Qxb7+ Kxb7 21. Rxd8 hxg5 22. fxg5 Nc6 1/2-1/2

[Event "Berlin Lichtenberger op 17th"]
[Site "Berlin"]
[Date "2018.08.26"]
[Round "9"]
[White "Albrecht, Rainer"]
[Black "Kromer, Thomas"]
[Result "1/2-1/2"]
[WhiteElo "2083"]
[BlackElo "1839"]
[PlyCount "34"]
[EventDate "2018.08.18"]
[EventType "swiss"]
[EventRounds "9"]
[EventCountry "GER"]
[SourceTitle "CBM 186 Extra"]
[Source "ChessBase"]
[SourceDate "2018.08.24"]
[SourceVersion "1"]
[SourceVersionDate "2018.08.24"]
[SourceQuality "1"]

1. d4 f5 2. c4 Nf6 3. Nc3 e6 4. e3 Be7 5. Bd3 d6 6. Nge2 0-0 7. Qc2 Nc6 8. a3 Qe8 9. Bd2 Ng4 10. f3 Nh6 11. 0-0-0 a6 12. g4 Bh4 13. Rhg1 g6 14. e4 f4 15. d5 Ne5 16. Bxf4 Rxf4 17. g5 Rxf3 1/2-1/2

[Event "Berlin Lichtenberger op 17th"]
[Site "Berlin"]
[Date "2018.08.21"]
[Round "4"]
[White "Gullaksen, Eirik Tvedt"]
[Black "Albrecht, Rainer"]
[Result "1/2-1/2"]
[WhiteElo "2357"]
[BlackElo "2083"]
[PlyCount "83"]
[EventDate "2018.08.18"]
[EventType "swiss"]
[EventRounds "9"]
[EventCountry "GER"]
[SourceTitle "CBM 186 Extra"]
[Source "ChessBase"]
[SourceDate "2018.08.24"]
[SourceVersion "1"]
[SourceVersionDate "2018.08.24"]
[SourceQuality "1"]

1. e4 d5 2. exd5 Qxd5 3. Nc3 Qd8 4. d4 Nf6 5. Bc4 a6 6. Nf3 b5 7. Bb3 c5 8. dxc5 Qxd1+ 9. Nxd1 e6 10. 0-0 Bb7 11. Ne5 Nfd7 12. Nd3 Nxc5 13. Nxc5 Bxc5 14. Be3 Nd7 15. c4 Bxe3 16. Nxe3 Nc5 17. Bc2 b4 18. Rfd1 Ke7 19. Kf1 g6 20. f3 Rhd8 21. Rxd8 Rxd8 22. b3 a5 23. a3 Bc6 24. axb4 axb4 25. Ra7+ Rd7 26. Ra5 Nxb3 27. Bxb3 Rd3 28. Ba4 Bxa4 29. Rxa4 Rxe3 30. Rxb4 Rc3 31. Rb7+ Kf6 32. Rc7 e5 33. Kf2 Ke6 34. h4 Rc2+ 35. Kg3 f5 36. c5 Kd5 37. Rd7+ Ke6 38. Rc7 Kd5 39. Rxh7 Rxc5 40. h5 gxh5 41. Rxh5 f4+ 42. Kg4 1/2-1/2

[Event "Berlin Eckbauer op 20th"]
[Site "Berlin"]
[Date "2017.11.06"]
[Round "4"]
[White "Ziems, Michael"]
[Black "Albrecht, Rainer"]
[Result "0-1"]
[WhiteElo "1798"]
[BlackElo "2067"]
[PlyCount "76"]
[EventDate "2017.10.09"]
[EventType "swiss"]
[EventRounds "7"]
[EventCountry "GER"]
[SourceTitle "CBM 189 Extra"]
[Source "ChessBase"]
[SourceDate "2019.05.31"]
[SourceVersion "1"]
[SourceVersionDate "2019.05.31"]
[SourceQuality "1"]

1. d4 Nf6 2. c4 d6 3. Nc3 Nbd7 4. Nf3 c6 5. Bf4 Qc7 6. e3 e5 7. Bg3 Be7 8. c5 b6 9. cxd6 Bxd6 10. Rc1 a6 11. Bc4 h6 12. Qb3 0-0 13. 0-0 exd4 14. exd4 Bxg3 15. hxg3 b5 16. Bd3 c5 17. Ne4 c4 18. Qa3 Nxe4 19. Bxe4 Bb7 20. Bxb7 Qxb7 21. Rfe1 a5 22. Qd6 Ra6 23. Qe7 Qd5 24. Ne5 Re6 25. Qxd7 Rxe5 26. Qa7 Rf5 27. Rcd1 b4 28. Qc7 Kh7 29. Re7 c3 30. bxc3 Qxa2 31. Rf1 b3 32. Qd7 Rf6 33. Qd5 a4 34. Qe4+ g6 35. d5 a3 36. Qe5 Rf5 37. Qd6 b2 38. Ra7 b1Q 0-1

[Event "Berlin Lichtenrade op 13th"]
[Site "Berlin"]
[Date "2017.10.29"]
[Round "2"]
[White "Danin, Alexandre"]
[Black "Albrecht, Rainer"]
[Result "1-0"]
[WhiteElo "2554"]
[BlackElo "2067"]
[PlyCount "115"]
[EventDate "2017.10.28"]
[EventType "swiss"]
[EventRounds "9"]
[EventCountry "GER"]
[SourceTitle "CBM 181 Extra"]
[Source "ChessBase"]
[SourceDate "2017.12.12"]
[SourceVersion "1"]
[SourceVersionDate "2017.12.12"]
[SourceQuality "1"]

1. Nf3 e6 2. d3 d5 3. g3 Nf6 4. Bg2 Be7 5. 0-0 0-0 6. b3 c5 7. c4 Nc6 8. cxd5 Nxd5 9. Bb2 Bf6 10. Qd2 b6 11. Nc3 Nxc3 12. Bxc3 Bb7 13. Rac1 Bxc3 14. Qxc3 Qd6 15. Qb2 Rfd8 16. Nd2 Rab8 17. Nc4 Qd4 18. Bxc6 Bxc6 19. Qxd4 Rxd4 20. Rc2 Kf8 21. a3 Bd5 22. Nd2 e5 23. f3 Be6 24. Rb1 a5 25. Kf2 Ke7 26. Rc3 f6 27. Nf1 Ra8 28. Ne3 Kd7 29. Nc2 Rd6 30. Ke3 Kc6 31. b4 axb4 32. axb4 Rd4 33. Kf2 Rd7 34. Ne3 Rc7 35. f4 exf4 36. gxf4 Kd6 37. bxc5+ bxc5 38. Rb6+ Kd7 39. Rb5 Rac8 40. Kf3 Rc6 41. Ra5 R8c7 42. Ra1 Kd6 43. Rac1 Bd5+ 44. Kf2 Be6 45. h4 Rc8 46. Rg1 R6c7 47. h5 h6 48. Nc4+ Bxc4 49. Rxc4 Re8 50. Rgc1 Rc6 51. Kf3 f5 52. e4 fxe4+ 53. dxe4 Re7 54. f5 Ra7 55. Kf4 Ra2 56. Rg1 Rca6 57. Rg6+ Ke7 58. Rxg7+ 1-0

[Event "Berlin Werner Ott op"]
[Site "Berlin"]
[Date "2017.07.23"]
[Round "9"]
[White "Albrecht, Rainer"]
[Black "Acikel, Mert"]
[Result "1/2-1/2"]
[WhiteElo "2050"]
[BlackElo "1808"]
[PlyCount "54"]
[EventDate "2017.07.15"]
[EventType "swiss"]
[EventRounds "9"]
[EventCountry "GER"]
[SourceTitle "EXT 2019"]
[Source "ChessBase"]
[SourceDate "2018.10.10"]
[SourceVersion "1"]
[SourceVersionDate "2018.10.10"]
[SourceQuality "1"]

1. d4 d5 2. Bf4 Nf6 3. e3 c5 4. c3 Nc6 5. Nd2 e6 6. Ngf3 cxd4 7. exd4 Nh5 8. Be3 Bd6 9. g3 0-0 10. Bd3 g6 11. Qc2 Ne7 12. Ne5 Bxe5 13. dxe5 Nc6 14. Bd4 Qc7 15. f4 Nxd4 16. cxd4 Qxc2 17. Bxc2 Bd7 18. Bd3 Rfc8 19. Ke2 a6 20. Rhc1 Bb5 21. Rxc8+ Rxc8 22. Bxb5 axb5 23. Kd3 Kf8 24. Nf3 h6 25. Kd2 Ke7 26. Rc1 Rxc1 27. Kxc1 Kd7 1/2-1/2

[Event "Berlin Werner Ott op"]
[Site "Berlin"]
[Date "2017.07.20"]
[Round "6"]
[White "Krefenstein, Sergej"]
[Black "Albrecht, Rainer"]
[Result "1/2-1/2"]
[WhiteElo "2183"]
[BlackElo "2050"]
[PlyCount "144"]
[EventDate "2017.07.15"]
[EventType "swiss"]
[EventRounds "9"]
[EventCountry "GER"]
[SourceTitle "EXT 2019"]
[Source "ChessBase"]
[SourceDate "2018.10.10"]
[SourceVersion "1"]
[SourceVersionDate "2018.10.10"]
[SourceQuality "1"]

1. d4 d5 2. c4 e6 3. Nc3 a6 4. cxd5 exd5 5. Bf4 c6 6. e3 Bd6 7. Bg3 Ne7 8. Nf3 Nf5 9. Bxd6 Nxd6 10. Ne5 0-0 11. Be2 Nd7 12. Qc2 Re8 13. Bd3 Nf8 14. 0-0 Be6 15. h3 Rc8 16. Na4 f6 17. Nf3 Bf7 18. Nh4 g5 19. Nf5 Bg6 20. Nc5 Rc7 21. Rae1 Nxf5 22. Bxf5 Rce7 23. b4 Kg7 24. a4 Bxf5 25. Qxf5 Qc8 26. Qxc8 Rxc8 27. b5 axb5 28. axb5 Ne6 29. Nd3 Rec7 30. Rb1 Kf7 31. g3 Ke7 32. Kg2 Kd6 33. Rfd1 Rd7 34. bxc6 bxc6 35. Rdc1 Rdc7 36. Rb6 Kd7 37. f4 gxf4 38. gxf4 Rg8+ 39. Kf3 Kd6 40. h4 Nd8 41. f5 Rgg7 42. Nf4 Rb7 43. Ra6 Ra7 44. Rca1 Rxa6 45. Rxa6 Rc7 46. Ra8 Ke7 47. Nh5 h6 48. Kf4 Nf7 49. Rg8 c5 50. Ng7 cxd4 51. Ne6 Rc1 52. exd4 Rf1+ 53. Ke3 Rxf5 54. Nf4 Nd6 55. Rg7+ Nf7 56. Rg8 Nd6 57. Kf3 h5 58. Rh8 Kf7 59. Rh7+ Ke8 60. Rxh5 Rxh5 61. Nxh5 Nf5 62. Nxf6+ Kf7 63. Nxd5 Nxd4+ 64. Ke4 Nc6 65. Kf5 Kg7 66. Kg5 Ne5 67. h5 Nf7+ 68. Kh4 Nd6 69. Ne3 Ne4 70. Nf5+ Kh7 71. h6 Nf6 72. Nd4 Ng8 1/2-1/2

[Event "Berlin Lieb Memorial 3rd"]
[Site "Berlin"]
[Date "2017.06.15"]
[Round "4"]
[White "Korell, Klaus Peter"]
[Black "Albrecht, Rainer"]
[Result "0-1"]
[WhiteElo "1852"]
[BlackElo "2050"]
[PlyCount "46"]
[EventDate "2017.05.11"]
[EventType "swiss"]
[EventRounds "7"]
[EventCountry "GER"]
[SourceTitle "CBM 189 Extra"]
[Source "ChessBase"]
[SourceDate "2019.05.31"]
[SourceVersion "1"]
[SourceVersionDate "2019.05.31"]
[SourceQuality "1"]

1. d4 d5 2. c4 e6 3. Nc3 a6 4. e3 Nf6 5. Nf3 dxc4 6. Bxc4 b5 7. Bd3 Bb7 8. a3 c5 9. dxc5 Bxc5 10. 0-0 Nbd7 11. b4 Ba7 12. Qe2 Rc8 13. Bb2 Bb8 14. Nd2 Ne5 15. Be4 Nxe4 16. Ncxe4 Rc2 17. Bxe5 Bxe5 18. Qg4 Bxa1 19. Rxa1 0-0 20. Qd1 Qd3 21. Nc5 Rxc5 22. bxc5 Rd8 23. Ra2 Qd5 0-1

[Event "Berlin-ch Seniors op 33rd"]
[Site "Berlin"]
[Date "2017.02.07"]
[Round "7"]
[White "Albrecht, Rainer"]
[Black "Kohlmeyer, Dagobert"]
[Result "1-0"]
[WhiteElo "2038"]
[BlackElo "1890"]
[PlyCount "39"]
[EventDate "2017.01.31"]
[EventType "swiss"]
[EventRounds "9"]
[EventCountry "GER"]
[SourceTitle "EXT 2019"]
[Source "ChessBase"]
[SourceDate "2018.10.10"]
[SourceVersion "1"]
[SourceVersionDate "2018.10.10"]
[SourceQuality "1"]

1. d4 Nf6 2. c4 g6 3. Nc3 d5 4. Nf3 Bg7 5. h4 Nc6 6. h5 dxc4 7. hxg6 fxg6 8. e4 Bg4 9. Be3 Qd7 10. Bxc4 0-0-0 11. d5 Bxf3 12. gxf3 Ne5 13. Bb5 c6 14. Rc1 Kb8 15. Qa4 a6 16. dxc6 Nxf3+ 17. Kf1 bxc6 18. Bxc6 Qg4 19. Qxa6 Rd7 20. Qa8+ 1-0

[Event "Berlin-ch Seniors op 33rd"]
[Site "Berlin"]
[Date "2017.02.06"]
[Round "6"]
[White "Schulz, Michael"]
[Black "Albrecht, Rainer"]
[Result "1-0"]
[WhiteElo "2134"]
[BlackElo "2038"]
[PlyCount "59"]
[EventDate "2017.01.31"]
[EventType "swiss"]
[EventRounds "9"]
[EventCountry "GER"]
[SourceTitle "EXT 2019"]
[Source "ChessBase"]
[SourceDate "2018.10.10"]
[SourceVersion "1"]
[SourceVersionDate "2018.10.10"]
[SourceQuality "1"]

1. e4 e6 2. Nf3 d5 3. e5 c5 4. b4 cxb4 5. d4 Nc6 6. a3 Bd7 7. axb4 Bxb4+ 8. c3 Be7 9. Bd3 a6 10. 0-0 b5 11. Nbd2 Nh6 12. Nb3 Nf5 13. g4 Nh4 14. Nxh4 Bxh4 15. Nc5 Na5 16. Rxa5 Qxa5 17. g5 0-0-0 18. Qh5 h6 19. Qxh4 hxg5 20. Qxg5 f6 21. Qg3 Rh5 22. Bg6 Rhh8 23. exf6 gxf6 24. Qd6 Rhg8 25. Bf4 Rxg6+ 26. Kh1 e5 27. dxe5 Bh3 28. Qc6+ Qc7 29. Qa8+ Qb8 30. Qxa6+ 1-0